000 00529nam a2200181Ia 4500
008 100917s9999 xx 000 0 und d
082 _b16358
100 _aगोडबोले परशुरामपंत
245 _aउत्तर राम चरित्र
260 _b---
_c1912
300 _a160
365 _b0.5
520 _aनाटक
630 _aउत्तर राम चरित्र
650 _aनाटक
730 _aउत्तर राम चरित्र
942 _cBOOK
999 _c621752
_d621749